000 00530nam a2200193Ia 4500
005 20250508162001.0
008 008 250505s9999 xx 000 0 eng d
037 _aTextual
040 _aFEDL
_beng
_cFEDL
041 _aeng
_2eng
084 _a707, HOY
_qFEDL
100 _aHoyland Michael
_9771956
245 0 _aArt for children
260 _aLondon, UK
_bMacmillan Education Ltd.
_c1970
300 _a128p.
490 _aSchooling in the middle years
942 _cTEXL
_h707, HOY
999 _c1373658
_d1373658